[Event "Space Coast op 30th"]
[Site "Melbourne"]
[Date "2025.05.04"]
[Round "5"]
[White "Mitkov, Nikola"]
[Black "Ludwig, John Gabriel"]
[Result "1/2-1/2"]
[WhiteElo "2387"]
[BlackElo "2364"]
[PlyCount "46"]
[EventDate "2025.05.02"]
[EventType "swiss"]
[EventRounds "5"]
[EventCountry "USA"]
[SourceTitle "CB19_2025"]
[SourceDate "2025.05.07"]
[SourceVersion "1"]
[SourceVersionDate "2025.05.07"]
[SourceQuality "1"]

1. e4 c6 2. Nc3 d5 3. Nf3 dxe4 4. Nxe4 Nf6 5. Qe2 Nxe4 6. Qxe4 Qd5 7. Qh4 Qe6+ 8. Be2 Qg6 9. 0-0 Qxc2 10. Bc4 Qf5 11. Re1 e6 12. d4 Be7 13. Qg3 Qg6 14. Qh3 Nd7 15. Ne5 Nxe5 16. dxe5 h5 17. Bd2 h4 18. Bd3 Qh5 19. Rac1 Bd7 20. Qe3 h3 21. g3 c5 22. Be2 Qf5 23. Bd3 Qh5 1/2-1/2

[Event "Space Coast op 30th"]
[Site "Melbourne"]
[Date "2025.05.03"]
[Round "3"]
[White "Zlotnikov, Mikhail"]
[Black "Ludwig, John Gabriel"]
[Result "0-1"]
[WhiteElo "2068"]
[BlackElo "2364"]
[PlyCount "129"]
[EventDate "2025.05.02"]
[EventType "swiss"]
[EventRounds "5"]
[EventCountry "USA"]
[SourceTitle "CB19_2025"]
[SourceDate "2025.05.07"]
[SourceVersion "1"]
[SourceVersionDate "2025.05.07"]
[SourceQuality "1"]

1. c4 b6 2. e4 Bb7 3. Nc3 e6 4. Nf3 Bb4 5. d3 Ne7 6. Bd2 f5 7. exf5 Nxf5 8. Ne4 Bxd2+ 9. Qxd2 0-0 10. Be2 c5 11. Ng3 Nh4 12. Nxh4 Qxh4 13. f3 Nc6 14. 0-0-0 d5 15. Qe3 Rae8 16. Bf1 Ba6 17. Kb1 dxc4 18. dxc4 Bxc4 19. Bxc4 Qxc4 20. Ne2 Nb4 21. Nc3 Nd5 22. Qd3 Nxc3+ 23. Qxc3 Qxc3 24. bxc3 Rd8 25. Kc2 Kf7 26. Rde1 Rd6 27. Re2 Rfd8 28. Rhe1 R8d7 29. a4 c4 30. Rb1 Rd5 31. Rb4 Rc7 32. Re4 Rdc5 33. Kd2 R7c6 34. Ke3 a6 35. f4 b5 36. axb5 axb5 37. Rd4 Ke7 38. Rb2 Ra6 39. Rbd2 Rc7 40. Rb2 Ra3 41. Rxb5 Rxc3+ 42. Ke2 Rc2+ 43. Rd2 Rc1 44. Rd1 Rc3 45. Rdb1 Kf6 46. Rb7 Rc5 47. R1b2 Rh5 48. h3 Rf5 49. Rc7 Rxf4 50. Rbb7 g5 51. Rxh7 Rg3 52. Rhf7+ Ke5 53. Rxf4 gxf4 54. Kf2 Rb3 55. Rc7 Kd4 56. h4 e5 57. h5 e4 58. Rd7+ Kc3 59. h6 Rb2+ 60. Kf1 Rb6 61. Rf7 Rxh6 62. Rxf4 Kd3 63. Rf8 Rh1+ 64. Kf2 e3+ 65. Kg3 0-1

[Event "Charlotte CCCSA Holiday IM"]
[Site "Charlotte"]
[Date "2019.12.30"]
[Round "8"]
[White "Ludwig, John Gabriel"]
[Black "Diulger, Alexey"]
[Result "1-0"]
[WhiteElo "2360"]
[BlackElo "2291"]
[PlyCount "95"]
[EventDate "2019.12.26"]
[EventType "tourn"]
[EventRounds "9"]
[EventCountry "USA"]
[EventCategory "3"]
[SourceTitle "CBM 194 Extra"]
[Source "ChessBase"]
[SourceDate "2020.03.31"]
[SourceVersion "1"]
[SourceVersionDate "2020.03.31"]
[SourceQuality "1"]

1. e4 g6 2. d4 Bg7 3. Nc3 d6 4. f4 c6 5. Be3 d5 6. e5 h5 7. Qd2 Nh6 8. Nf3 Bg4 9. Nh4 Nf5 10. Nxf5 Bxf5 11. 0-0-0 Nd7 12. g3 b5 13. Bd3 Nb6 14. b3 e6 15. Bxf5 exf5 16. Ne2 a5 17. Kb1 a4 18. Nc1 h4 19. Nd3 h3 20. Qe2 Qc8 21. Bd2 0-0 22. Bb4 Re8 23. Nf2 Nd7 24. Nxh3 Nf6 25. Nf2 axb3 26. cxb3 Ra6 27. h4 Qe6 28. Rd2 Nh5 29. Qf3 Bh6 30. Nd3 Qc8 31. Bd6 Qd8 32. Nb4 Rb6 33. Rc2 Nf6 34. Bc5 Ne4 35. Bxb6 Qxb6 36. Qe3 Bf8 37. Nd3 Nf6 38. Nf2 Re6 39. h5 Nxh5 40. g4 Ng7 41. Qh3 f6 42. exf6 Qxd4 43. Nd3 Qxf6 44. Ne5 Rxe5 45. fxe5 Qxe5 46. gxf5 Nh5 47. fxg6 Bg7 48. Qc8+ 1-0

[Event "Charlotte CCCSA Holiday IM"]
[Site "Charlotte"]
[Date "2019.12.28"]
[Round "5"]
[White "Ludwig, John Gabriel"]
[Black "Myers, Dominique"]
[Result "1-0"]
[WhiteElo "2360"]
[BlackElo "2012"]
[PlyCount "83"]
[EventDate "2019.12.26"]
[EventType "tourn"]
[EventRounds "9"]
[EventCountry "USA"]
[EventCategory "3"]
[SourceTitle "CBM 194 Extra"]
[Source "ChessBase"]
[SourceDate "2020.03.31"]
[SourceVersion "1"]
[SourceVersionDate "2020.03.31"]
[SourceQuality "1"]

1. e4 e5 2. Nf3 Nc6 3. Bb5 a6 4. Bxc6 dxc6 5. Nc3 f6 6. d4 Bg4 7. dxe5 Qxd1+ 8. Nxd1 0-0-0 9. exf6 Nxf6 10. Ne3 Bxf3 11. gxf3 Nh5 12. Nc4 Be7 13. Be3 Rhf8 14. Ke2 Bf6 15. c3 Be7 16. a4 g5 17. b4 b6 18. a5 b5 19. Nd2 h6 20. Nb3 Kb7 21. Nd4 Rde8 22. Nf5 Rxf5 23. exf5 Ng7 24. Rad1 Nxf5 25. Rd3 c5 26. bxc5 Bxc5 27. Re1 Bd6 28. h3 Nh4 29. Rb1 Ng6 30. Rd4 Kc8 31. Re4 Rf8 32. c4 bxc4 33. Rxc4 Rf5 34. Rb6 Kd7 35. Rxa6 Rb5 36. Ra8 Rb2+ 37. Kd1 Ra2 38. a6 Ne5 39. Rc2 Ra1+ 40. Rc1 Ra2 41. a7 c5 42. Rh8 1-0

[Event "North American-ch U20"]
[Site "Charlotte"]
[Date "2019.06.28"]
[Round "5"]
[White "Easton, Jack R"]
[Black "Ludwig, John Gabriel"]
[Result "0-1"]
[WhiteElo "2163"]
[BlackElo "2374"]
[PlyCount "80"]
[EventDate "2019.06.26"]
[EventType "swiss"]
[EventRounds "9"]
[EventCountry "USA"]
[SourceTitle "CBM 191 Extra"]
[Source "ChessBase"]
[SourceDate "2019.09.30"]
[SourceVersion "1"]
[SourceVersionDate "2019.09.30"]
[SourceQuality "1"]

1. d4 Nf6 2. c4 g6 3. Nc3 Bg7 4. e4 d6 5. f3 0-0 6. Be3 e5 7. Nge2 Nc6 8. d5 Na5 9. Nc1 c5 10. a3 b6 11. b4 Nb7 12. g4 Ne8 13. Qd2 f5 14. gxf5 gxf5 15. Bg5 Bf6 16. Rg1 Ng7 17. Nd3 f4 18. h4 Kh8 19. Qh2 Nh5 20. Bh3 Ng3 21. Ne2 Bxg5 22. hxg5 Qxg5 23. Nxg3 fxg3 24. Rxg3 Qe3+ 25. Qe2 Qd4 26. Rc1 Bxh3 27. Rxh3 cxb4 28. axb4 a5 29. Kd2 Rf7 30. Qe3 axb4 31. Qxd4 exd4 32. Nxb4 Nc5 33. Rc2 Ra3 34. Ra2 Nxe4+ 35. Kc1 Raxf3 36. Rxf3 Rxf3 37. Re2 Nc5 38. Kd1 d3 39. Rg2 Ne4 40. Rg1 Rf2 0-1

[Event "North American-ch U20"]
[Site "Charlotte"]
[Date "2019.06.27"]
[Round "4"]
[White "Ludwig, John Gabriel"]
[Black "Baradaran, Arman"]
[Result "1-0"]
[WhiteElo "2374"]
[BlackElo "2049"]
[PlyCount "35"]
[EventDate "2019.06.26"]
[EventType "swiss"]
[EventRounds "9"]
[EventCountry "USA"]
[SourceTitle "CBM 191 Extra"]
[Source "ChessBase"]
[SourceDate "2019.09.30"]
[SourceVersion "1"]
[SourceVersionDate "2019.09.30"]
[SourceQuality "1"]

1. e4 e5 2. Nf3 Nc6 3. Nc3 Nf6 4. Bb5 Bd6 5. d3 h6 6. a3 0-0 7. g4 Bc5 8. h3 d5 9. g5 dxe4 10. gxf6 exf3 11. Bxc6 bxc6 12. Ne4 Bd6 13. Qxf3 g6 14. Qe3 Re8 15. Qxh6 Bf8 16. Qh4 Bd6 17. Bh6 Bf5 18. Bg7 1-0

[Event "North American-ch U20"]
[Site "Charlotte"]
[Date "2019.06.27"]
[Round "3"]
[White "Ludwig, John Gabriel"]
[Black "Zhu, Neo"]
[Result "1/2-1/2"]
[WhiteElo "2374"]
[BlackElo "2044"]
[PlyCount "86"]
[EventDate "2019.06.26"]
[EventType "swiss"]
[EventRounds "9"]
[EventCountry "USA"]
[SourceTitle "CBM 191 Extra"]
[Source "ChessBase"]
[SourceDate "2019.09.30"]
[SourceVersion "1"]
[SourceVersionDate "2019.09.30"]
[SourceQuality "1"]

1. e4 c5 2. Nf3 Nc6 3. Bb5 e6 4. Bxc6 bxc6 5. d3 Ne7 6. h4 h5 7. Qe2 Qc7 8. e5 Ng6 9. Qe4 d5 10. exd6 Bxd6 11. Na3 Ba6 12. Ng5 Qd7 13. Qe2 Be7 14. Nc4 Bxc4 15. dxc4 Qd4 16. Nf3 Qg4 17. g3 0-0 18. Be3 Rab8 19. b3 Bf6 20. Rb1 Bc3+ 21. Kf1 Bb4 22. Ng5 Rfd8 23. Qxg4 hxg4 24. Ke2 e5 25. Rbd1 Nf8 26. Ne4 Ne6 27. c3 Ba5 28. Rc1 Bb6 29. Rhd1 a5 30. Rxd8+ Rxd8 31. Rd1 Rxd1 32. Kxd1 f5 33. Ng5 Nxg5 34. Bxg5 Kf7 35. Be3 Ke6 36. Kc2 g6 37. Kb2 f4 38. gxf4 exf4 39. Bxf4 Kf5 40. Bg3 Ke4 41. Kc2 Kf3 42. Kd2 Bd8 43. a3 Be7 1/2-1/2

[Event "North American-ch U20"]
[Site "Charlotte"]
[Date "2019.06.26"]
[Round "2"]
[White "Proleiko, Julian"]
[Black "Ludwig, John Gabriel"]
[Result "1-0"]
[WhiteElo "2152"]
[BlackElo "2374"]
[PlyCount "113"]
[EventDate "2019.06.26"]
[EventType "swiss"]
[EventRounds "9"]
[EventCountry "USA"]
[SourceTitle "CBM 191 Extra"]
[Source "ChessBase"]
[SourceDate "2019.09.30"]
[SourceVersion "1"]
[SourceVersionDate "2019.09.30"]
[SourceQuality "1"]

1. c4 e6 2. Nf3 d5 3. d4 c5 4. e3 Nf6 5. Nc3 Nc6 6. cxd5 exd5 7. Bb5 Bd6 8. 0-0 0-0 9. dxc5 Bxc5 10. b3 Bg4 11. Bb2 Rc8 12. Rc1 Bd6 13. Be2 Bb8 14. Nb5 Ne4 15. Nbd4 Re8 16. Nxc6 bxc6 17. Nd4 Qd6 18. g3 Bd7 19. Bg4 g6 20. Bxd7 Qxd7 21. Nf3 c5 22. Ba1 Qb7 23. Qe2 d4 24. Qb2 Nf6 25. Nd2 Be5 26. Nc4 Ng4 27. Qe2 h5 28. h3 Nf6 29. Qd1 Ne4 30. Nxe5 Rxe5 31. exd4 Rd5 32. Qe2 Ng5 33. f4 Ne6 34. dxc5 Rcd8 35. Rcd1 Qb4 36. Rxd5 Rxd5 37. Qc4 Qxc4 38. bxc4 Rxc5 39. Rb1 g5 40. fxg5 Nxg5 41. Rb5 Ne6 42. Rxc5 Nxc5 43. Bd4 Ne4 44. Bxa7 Nxg3 45. c5 Ne2+ 46. Kf2 Nd4 47. Ke3 Nc6 48. Bb6 Kf8 49. a4 Ke7 50. a5 Nb8 51. c6 Na6 52. Kf4 Kd6 53. c7 Kd7 54. Kg5 Nb4 55. Kxh5 Nd5 56. Kg5 f6+ 57. Kf5 1-0

[Event "Charlotte CCCSA Summer IM-B"]
[Site "Charlotte"]
[Date "2019.06.07"]
[Round "4"]
[White "Adamson, Robby"]
[Black "Ludwig, John Gabriel"]
[Result "0-1"]
[WhiteElo "2238"]
[BlackElo "2377"]
[PlyCount "120"]
[EventDate "2019.06.05"]
[EventType "tourn"]
[EventRounds "9"]
[EventCountry "USA"]
[EventCategory "3"]
[SourceTitle "CBM 190 Extra"]
[Source "ChessBase"]
[SourceDate "2019.07.15"]
[SourceVersion "1"]
[SourceVersionDate "2019.07.15"]
[SourceQuality "1"]

1. e4 d6 2. d4 Nf6 3. Nc3 c6 4. f4 Qa5 5. Bd3 e5 6. Nf3 Nbd7 7. 0-0 Be7 8. Be3 0-0 9. Qe1 Qc7 10. h3 b5 11. a3 Re8 12. fxe5 dxe5 13. dxe5 Nxe5 14. Nxe5 Qxe5 15. Bf4 Qc5+ 16. Kh1 Nh5 17. Bh2 Bf6 18. g4 Bxc3 19. bxc3 Nf6 20. e5 Be6 21. Qf2 Qxf2 22. Rxf2 Bd5+ 23. Kg1 Nd7 24. a4 a6 25. Re2 Nc5 26. a5 Ne6 27. Kf2 Rad8 28. Kg3 c5 29. Bg1 g6 30. Ree1 Rd7 31. Rab1 Red8 32. Be3 Bc6 33. Rbc1 Re8 34. Rb1 Rc8 35. Rbc1 Bb7 36. Bf1 c4 37. Rcd1 Rcd8 38. Rxd7 Rxd7 39. Be2 Kf8 40. Bf3 Ke7 41. Bxb7 Rxb7 42. Bb6 Rd7 43. Re2 Rd5 44. Ba7 Nd8 45. Kf4 Nc6 46. Bb6 h6 47. Bc7 Kd7 48. Bb6 Ke6 49. Bc7 g5+ 50. Ke4 Nxe5 51. Rf2 Nd7 52. Ke3 Ke7 53. Ke4 Rd1 54. Re2 Nc5+ 55. Kf3+ Ne6 56. Be5 Kd7 57. Ke4 Nc5+ 58. Ke3 Rh1 59. Rf2 Re1+ 60. Kd4 Kc6 0-1

[Event "Space Coast op 26th"]
[Site "Cocoa Beach"]
[Date "2019.04.26"]
[Round "1"]
[White "Ludwig, John Gabriel"]
[Black "DeCozar, Ulises"]
[Result "1-0"]
[WhiteElo "2377"]
[BlackElo "2103"]
[PlyCount "55"]
[EventDate "2019.04.26"]
[EventType "swiss"]
[EventRounds "5"]
[EventCountry "USA"]
[SourceTitle "CBM 190 Extra"]
[Source "ChessBase"]
[SourceDate "2019.07.15"]
[SourceVersion "1"]
[SourceVersionDate "2019.07.15"]
[SourceQuality "1"]

1. e4 c5 2. Nf3 Nc6 3. Bb5 g6 4. Bxc6 dxc6 5. d3 Bg7 6. h3 Nf6 7. Nc3 0-0 8. Be3 b6 9. Qd2 Ne8 10. Bh6 Nc7 11. 0-0-0 Ne6 12. h4 Qc7 13. e5 Nd4 14. Bxg7 Kxg7 15. h5 Nxf3 16. gxf3 Rh8 17. hxg6 fxg6 18. d4 cxd4 19. Qxd4 Be6 20. Ne4 Rad8 21. Ng5 Bf5 22. Qc3 Rxd1+ 23. Rxd1 e6 24. Rd6 Qe7 25. Qd2 h6 26. Rd7 Re8 27. Rxe7+ Rxe7 28. Qd8 1-0

[Event "Space Coast op 25th"]
[Site "Cocoa Beach"]
[Date "2018.04.29"]
[Round "5"]
[White "Ludwig, John Gabriel"]
[Black "Parker, Anthony Lee"]
[Result "1-0"]
[WhiteElo "2388"]
[BlackElo "2045"]
[PlyCount "111"]
[EventDate "2018.04.27"]
[EventType "swiss"]
[EventRounds "5"]
[EventCountry "USA"]
[SourceTitle "CBM 184 Extra"]
[Source "ChessBase"]
[SourceDate "2018.06.28"]
[SourceVersion "1"]
[SourceVersionDate "2018.06.28"]
[SourceQuality "1"]

1. e4 d6 2. d4 Nf6 3. Nc3 g6 4. g3 Bg7 5. Bg2 0-0 6. Nge2 c5 7. dxc5 dxc5 8. Qxd8 Rxd8 9. Be3 Nc6 10. Bxc5 Nd7 11. Ba3 Nde5 12. f4 Nc4 13. e5 Nxa3 14. bxa3 Be6 15. Rb1 Rac8 16. Rxb7 f6 17. exf6 exf6 18. 0-0 f5 19. Rd1 Rxd1+ 20. Nxd1 Bf8 21. Nec3 Nd8 22. Rb1 Bc5+ 23. Kh1 Bd4 24. Nd5 Rxc2 25. Rb8 Rc1 26. Rxd8+ Kg7 27. Bf3 Bc5 28. N5c3 Bxa3 29. Rd3 Bb4 30. a4 Bc5 31. Ne2 Ra1 32. Nd4 Bf7 33. Nb3 Bxb3 34. Rxb3 Rxa4 35. Rb7+ Kh6 36. Rd7 Rd4 37. Rxd4 Bxd4 38. Kg2 g5 39. fxg5+ Kxg5 40. h4+ Kf6 41. Bd5 a5 42. Kf3 a4 43. Ne3 a3 44. Bb3 Bc5 45. Nd5+ Ke5 46. Nf4 Be7 47. Ne6 Bf6 48. Ng5 h5 49. Ne6 Be7 50. Nf4 Kd4 51. Nxh5 Kc3 52. Be6 Kb2 53. Ng7 a2 54. Bxa2 Kxa2 55. Nxf5 Bf8 56. g4 1-0

[Event "Charlotte CCCSA Spring IM"]
[Site "Charlotte"]
[Date "2018.04.01"]
[Round "9"]
[White "Sinha, Sahil"]
[Black "Ludwig, John Gabriel"]
[Result "1/2-1/2"]
[WhiteElo "2246"]
[BlackElo "2388"]
[PlyCount "32"]
[EventDate "2018.03.28"]
[EventType "tourn"]
[EventRounds "9"]
[EventCountry "USA"]
[EventCategory "3"]
[SourceTitle "CBM 183 Extra"]
[Source "ChessBase"]
[SourceDate "2018.04.19"]
[SourceVersion "1"]
[SourceVersionDate "2018.04.19"]
[SourceQuality "1"]

1. d4 d5 2. c4 e6 3. Nc3 c6 4. e3 f5 5. f4 Nf6 6. Nf3 Bd6 7. Be2 0-0 8. 0-0 Ne4 9. Nxe4 fxe4 10. Ne5 Nd7 11. c5 Nxe5 12. fxe5 Rxf1+ 13. Qxf1 Be7 14. Bd2 Bd7 15. b4 a6 16. g3 g6 1/2-1/2

[Event "Charlotte CCCSA Spring IM"]
[Site "Charlotte"]
[Date "2018.03.30"]
[Round "5"]
[White "Yoo, Christopher Woojin"]
[Black "Ludwig, John Gabriel"]
[Result "1-0"]
[WhiteElo "2293"]
[BlackElo "2388"]
[PlyCount "83"]
[EventDate "2018.03.28"]
[EventType "tourn"]
[EventRounds "9"]
[EventCountry "USA"]
[EventCategory "3"]
[SourceTitle "CBM 183 Extra"]
[Source "ChessBase"]
[SourceDate "2018.04.19"]
[SourceVersion "1"]
[SourceVersionDate "2018.04.19"]
[SourceQuality "1"]

1. e4 c6 2. d4 d5 3. e5 c5 4. dxc5 Nc6 5. Nf3 Bg4 6. Bb5 e6 7. Be3 Nge7 8. c3 Bxf3 9. gxf3 Qc7 10. f4 Nf5 11. Bd4 g6 12. Nd2 Bh6 13. Be3 0-0 14. Nf3 d4 15. Bxd4 Ncxd4 16. Nxd4 Qxc5 17. Nxf5 exf5 18. Qa4 Qd5 19. 0-0 Qf3 20. Qd1 Qxf4 21. Qe2 a6 22. Bd7 Rad8 23. Rad1 Qh4 24. Rd4 Bf4 25. f3 Qe7 26. e6 Bc7 27. exf7+ Rxf7 28. Be6 Bb6 29. Qc4 Kg7 30. Bxf7 Bxd4+ 31. cxd4 Qxf7 32. Qb4 Rd7 33. Re1 Qf6 34. d5 Kf7 35. Qc4 Qd6 36. Qh4 h5 37. Re6 Qc5+ 38. Kg2 Qc2+ 39. Kh3 Qxb2 40. Qg3 Qg7 41. Qb8 Qg8 42. Rf6+ 1-0

[Event "Charlotte CCCSA Spring IM"]
[Site "Charlotte"]
[Date "2018.03.29"]
[Round "3"]
[White "Ludwig, John Gabriel"]
[Black "Ynojosa Aponte, Felix Jose"]
[Result "1-0"]
[WhiteElo "2388"]
[BlackElo "2390"]
[PlyCount "95"]
[EventDate "2018.03.28"]
[EventType "tourn"]
[EventRounds "9"]
[EventCountry "USA"]
[EventCategory "3"]
[SourceTitle "CBM 183 Extra"]
[Source "ChessBase"]
[SourceDate "2018.04.19"]
[SourceVersion "1"]
[SourceVersionDate "2018.04.19"]
[SourceQuality "1"]

1. e4 c5 2. Nf3 Nc6 3. Bb5 e6 4. Bxc6 bxc6 5. d3 Ne7 6. Qe2 Ng6 7. h4 h5 8. e5 f6 9. Qe4 Kf7 10. Nbd2 Nxe5 11. Nxe5+ fxe5 12. Qxe5 d6 13. Qe2 Be7 14. Ne4 e5 15. Bg5 Bf6 16. 0-0 d5 17. Nxc5 Qb6 18. Na4 Qd4 19. b3 Bxg5 20. hxg5 Bg4 21. Qd2 Kg6 22. Rae1 Rae8 23. Qe3 Qf4 24. Qxa7 d4 25. Re4 Qxg5 26. f4 exf4 27. Rexf4 Re2 28. R4f2 Qe3 29. Qf7+ Kh6 30. Kh1 Ra8 31. Rxe2 Qxe2 32. Qf2 Qxf2 33. Rxf2 Kg5 34. c3 dxc3 35. Nxc3 Bf5 36. Ne4+ Bxe4 37. dxe4 Re8 38. Rc2 Rxe4 39. Rxc6 Re2 40. a4 Rb2 41. Rb6 Kh4 42. Kh2 g5 43. a5 g4 44. Rb4 Kg5 45. a6 h4 46. a7 Rb1 47. Rxg4+ Kxg4 48. a8Q 1-0

[Event "PRO League Stage"]
[Site "Chess.com INT"]
[Date "2018.01.18"]
[Round "1"]
[White "Hambleton, Aman"]
[Black "Ludwig, John Gabriel"]
[Result "1/2-1/2"]
[WhiteElo "2501"]
[BlackElo "2388"]
[PlyCount "153"]
[EventDate "2018.01.18"]
[EventType "team-swiss (rapid)"]
[EventRounds "9"]
[EventCountry "USA"]
[SourceTitle "CBM 182 Extra"]
[Source "ChessBase"]
[SourceDate "2018.02.23"]
[SourceVersion "1"]
[SourceVersionDate "2018.02.23"]
[SourceQuality "1"]
[WhiteTeam "Montreal ChessBrahs"]
[BlackTeam "Miami Champions"]
[WhiteTeamCountry "CAN"]
[BlackTeamCountry "USA"]

1. d4 Nf6 2. c4 c5 3. d5 e6 4. Nc3 exd5 5. cxd5 d6 6. e4 g6 7. Bd3 Bg7 8. h3 0-0 9. Nf3 a6 10. a4 Nh5 11. 0-0 Nd7 12. Be2 Re8 13. Re1 Nhf6 14. Bd3 Ne5 15. Nxe5 Rxe5 16. Bf4 Re8 17. Qd2 Qc7 18. Rac1 Nd7 19. b4 b6 20. a5 c4 21. Ne2 b5 22. Bc2 Bb7 23. Nc3 Re7 24. Bg5 Ree8 25. Be3 Qd8 26. Bd4 Bxd4 27. Qxd4 Qf6 28. Qxf6 Nxf6 29. f4 Re7 30. Kf2 Rae8 31. g4 Nd7 32. Rcd1 Kg7 33. g5 h6 34. h4 hxg5 35. hxg5 Rh8 36. Rh1 Ree8 37. Ke3 Rxh1 38. Rxh1 f6 39. gxf6+ Nxf6 40. Kd4 Nh5 41. f5 Nf4 42. Rf1 g5 43. Rg1 Kf6 44. Rh1 Kg7 45. Bd1 Bc8 46. Bg4 Rf8 47. Nd1 Nd3 48. Kc3 Ne5 49. Be2 Rh8 50. Rxh8 Kxh8 51. Ne3 Kg7 52. Kd4 Kf6 53. Bh5 Bd7 54. Ng4+ Nxg4 55. Bxg4 Bc8 56. Bf3 Bd7 57. Bh5 Bc8 58. Bg4 Bd7 59. Bd1 Bc8 60. Be2 Bd7 61. Bf3 Bc8 62. Bh5 Bd7 63. Bd1 Bc8 64. Bg4 Bd7 65. Be2 Bc8 66. Bf3 Bd7 67. Bh5 Bc8 68. Bd1 Bd7 69. Bg4 Bc8 70. Ke3 Bd7 71. Kd4 Bc8 72. Ke3 Bd7 73. Kd4 Bc8 74. Bh5 Bd7 75. Be2 Bc8 76. Bd1 Bd7 77. Bg4 1/2-1/2

[Event "Charlotte CCCSA Fall IM"]
[Site "Charlotte"]
[Date "2017.11.25"]
[Round "6"]
[White "Ludwig, John Gabriel"]
[Black "Soo Burrowes, Eliot W"]
[Result "1-0"]
[WhiteElo "2396"]
[BlackElo "2145"]
[PlyCount "142"]
[EventDate "2017.11.22"]
[EventType "tourn"]
[EventRounds "9"]
[EventCountry "USA"]
[EventCategory "2"]
[SourceTitle "CBM 181 Extra"]
[Source "ChessBase"]
[SourceDate "2017.12.12"]
[SourceVersion "1"]
[SourceVersionDate "2017.12.12"]
[SourceQuality "1"]

1. e4 e5 2. Nf3 Nc6 3. d4 exd4 4. Nxd4 Bc5 5. Be3 Qf6 6. c3 Nge7 7. Bc4 Ne5 8. Be2 Qg6 9. 0-0 0-0 10. Nd2 d6 11. Bh5 Qf6 12. f4 N5c6 13. N2b3 Bb6 14. Qd2 Qh4 15. Bf3 f5 16. Rae1 fxe4 17. Bxe4 Nxd4 18. Nxd4 d5 19. Bc2 Bd7 20. Nf3 Qf6 21. Bb3 Qd6 22. Bxb6 axb6 23. c4 Ba4 24. Nd4 Bxb3 25. axb3 dxc4 26. Qe3 Nf5 27. Qe6+ Qxe6 28. Nxe6 Rf7 29. bxc4 Re7 30. Re5 Nd6 31. c5 bxc5 32. Nxc5 Rae8 33. Rfe1 Kf7 34. b3 h5 35. Kf2 g6 36. h3 b6 37. Nd3 Nf5 38. Rc1 c5 39. g4 hxg4 40. hxg4 Nd4 41. b4 cxb4 42. Rc4 Ne6 43. Nxb4 Nc5 44. Rxe7+ Rxe7 45. Nd5 Nd3+ 46. Kf3 Re6 47. Rc7+ Kf8 48. Rb7 Ne1+ 49. Kg3 Kg8 50. f5 gxf5 51. gxf5 Rd6 52. Ne7+ Kf8 53. Ng6+ Kg8 54. Kg4 Nd3 55. Kg5 Nc5 56. Re7 Rd7 57. Re8+ Kg7 58. f6+ Kf7 59. Rf8+ Ke6 60. Nf4+ Kd6 61. Kg6 Ke5 62. Nh5 Rd6 63. Re8+ Re6 64. Kf7 Rxe8 65. Kxe8 Kd6 66. f7 Nd7 67. Nf4 b5 68. Nd3 Nf6+ 69. Kf8 Nh7+ 70. Kg7 Ke7 71. Ne5 b4 1-0

[Event "Charlotte CCCSA Fall IM"]
[Site "Charlotte"]
[Date "2017.11.25"]
[Round "7"]
[White "Young, Angelo"]
[Black "Ludwig, John Gabriel"]
[Result "1/2-1/2"]
[WhiteElo "2290"]
[BlackElo "2396"]
[PlyCount "102"]
[EventDate "2017.11.22"]
[EventType "tourn"]
[EventRounds "9"]
[EventCountry "USA"]
[EventCategory "2"]
[SourceTitle "CBM 181 Extra"]
[Source "ChessBase"]
[SourceDate "2017.12.12"]
[SourceVersion "1"]
[SourceVersionDate "2017.12.12"]
[SourceQuality "1"]

1. d4 Nf6 2. c4 c5 3. Nf3 cxd4 4. Nxd4 Nc6 5. Nc3 e6 6. g3 Qb6 7. Nb3 Ne5 8. e4 Bb4 9. Qe2 d6 10. f4 Nc6 11. Bd2 a5 12. 0-0-0 a4 13. Be3 Qd8 14. Nd4 Bxc3 15. bxc3 Nxd4 16. Rxd4 Qc7 17. Qd3 0-0 18. Bg2 Ra6 19. Rd1 e5 20. fxe5 dxe5 21. Rd8 Rc6 22. c5 Be6 23. Rxf8+ Kxf8 24. Qd8+ Qxd8 25. Rxd8+ Ke7 26. Rb8 Rc7 27. Kb2 Nd7 28. Ra8 Nxc5 29. Bxc5+ Rxc5 30. Rxa4 Bd7 31. Rb4 Bc6 32. Bf1 Kd6 33. Bd3 Ra5 34. Kb3 g6 35. a4 f6 36. Ka3 Ra8 37. Kb3 h5 38. Bb5 h4 39. Bxc6 Kxc6 40. g4 Rd8 41. a5 Kc7 42. Rb6 Rf8 43. Kc4 f5 44. gxf5 gxf5 45. exf5 Rxf5 46. Rh6 Rf4+ 47. Kc5 Rf3 48. Rh7+ Kb8 49. c4 Rh3 50. Kb6 Rb3+ 51. Kc5 Rh3 1/2-1/2

[Event "Charlotte CCCSA Fall IM"]
[Site "Charlotte"]
[Date "2017.11.23"]
[Round "3"]
[White "Moon, Benjamin"]
[Black "Ludwig, John Gabriel"]
[Result "1/2-1/2"]
[WhiteElo "2324"]
[BlackElo "2396"]
[PlyCount "65"]
[EventDate "2017.11.22"]
[EventType "tourn"]
[EventRounds "9"]
[EventCountry "USA"]
[EventCategory "2"]
[SourceTitle "CBM 181 Extra"]
[Source "ChessBase"]
[SourceDate "2017.12.12"]
[SourceVersion "1"]
[SourceVersionDate "2017.12.12"]
[SourceQuality "1"]

1. d4 Nf6 2. Bf4 c5 3. e3 e6 4. Nf3 Be7 5. h3 0-0 6. Nbd2 b6 7. c3 Bb7 8. Bd3 d6 9. 0-0 Nbd7 10. Qe2 Qc7 11. e4 e5 12. dxe5 dxe5 13. Bh2 Rfe8 14. Nc4 Bf8 15. a4 g6 16. Qc2 Bh6 17. Rfe1 Nh5 18. Rad1 Bf4 19. Bf1 Bxh2+ 20. Kxh2 Re6 21. Ne3 Ndf6 22. Ng5 Re7 23. Nd5 Nxd5 24. exd5 Rd8 25. c4 Nf6 26. Kg1 Ne8 27. Ne4 f5 28. Nc3 Nd6 29. Nb5 Qb8 30. Nxd6 Qxd6 31. Re3 Rde8 32. Rde1 Bc8 33. f3 1/2-1/2

[Event "Charlotte CCCSA Fall IM"]
[Site "Charlotte"]
[Date "2017.11.22"]
[Round "1"]
[White "Ludwig, John Gabriel"]
[Black "Martin Del Campo C, Roberto Abel"]
[Result "1/2-1/2"]
[WhiteElo "2396"]
[BlackElo "2360"]
[PlyCount "135"]
[EventDate "2017.11.22"]
[EventType "tourn"]
[EventRounds "9"]
[EventCountry "USA"]
[EventCategory "2"]
[SourceTitle "CBM 181 Extra"]
[Source "ChessBase"]
[SourceDate "2017.12.12"]
[SourceVersion "1"]
[SourceVersionDate "2017.12.12"]
[SourceQuality "1"]

1. e4 c5 2. Nf3 d6 3. d4 cxd4 4. Nxd4 Nf6 5. Nc3 Nc6 6. Bg5 e6 7. Qd2 a6 8. 0-0-0 Bd7 9. f4 h6 10. Bh4 Be7 11. Nf3 g5 12. fxg5 Ng4 13. g6 fxg6 14. Bxe7 Qxe7 15. h3 Nge5 16. Qxd6 Qxd6 17. Rxd6 Nxf3 18. gxf3 Ke7 19. Rd1 Raf8 20. Be2 Ne5 21. Rdg1 Be8 22. Rg3 Rf4 23. h4 Rhf8 24. Rhh3 Nd7 25. Kd2 Nf6 26. Ke3 Nh5 27. Rg1 R4f6 28. Rhh1 Nf4 29. Bd1 Bf7 30. Ne2 e5 31. Nxf4 Rxf4 32. Be2 Rc8 33. Bd3 Rf6 34. b3 Rc3 35. Rg4 Be6 36. Rg3 Bf7 37. Kd2 Rc8 38. Ke3 Rc3 39. Rf1 Rf4 40. Rg4 Rf6 41. f4 exf4+ 42. Rgxf4 Rxf4 43. Kxf4 Rc5 44. e5 g5+ 45. hxg5 hxg5+ 46. Kf5 Be6+ 47. Ke4 Rc8 48. Rg1 Rg8 49. c4 Bd7 50. Ke3 Ke6 51. Be4 Bc6 52. Bxc6 bxc6 53. Kd4 g4 54. Kc5 Kxe5 55. Kxc6 g3 56. c5 g2 57. Kb7 Rg7+ 58. Kxa6 Kd5 59. Kb6 Rg6+ 60. Kb5 Rg8 61. b4 Rb8+ 62. Ka4 Rg8 63. Kb3 Rg3+ 64. Kb2 Kc4 65. a3 Kb5 66. Ka2 Rg6 67. Kb2 Rg3 68. Ka2 1/2-1/2